000 00210 a2200097 4500
001 14022
100 _aStrode W.C
245 _aThree plays A prologue
260 _aLondon
_bHeinemann
_c
090 _c10979
_d10979
942 _aNUST-CAE
_cM
_c1090
999 _c249095
_d249095